Справочник по очистке природных и сточных вод. Водоснабжение и канализация: пер. с англ.; Справочник по очистке природных и сточных вод. Водоснабжение и канализация

Detalles Bibliográficos
Autor principal: Спеллман Ф. Р.
Sumario:Рассмотрены основные операции и технологии водоподготовки, водоочистки и очистки сточных вод. Приведены рекомендации по управлению, техническому обеспечению, контролю работы и мерам безопасности станций водоподготовки и водоочистки, защите и охране водных объектов. Описаны системы транспортировки воды, конструкции и устройство гидравлического оборудования, насосов, датчиков контроля и приборов учета. Контроль качества воды, биомониторинг, микробиология и экология воды изложены в отдельной части. Специальная часть посвящена комплексному рассмотрению сточных вод и операций по их очистке. Издание содержит многочисленный практический материал — стандартные процедуры и алгоритмы, примеры расчетов, ссылки на нормативы, контрольные вопросы и задачи. Справочник предназначен для операторов станций водоочистки, очистных сооружений, руководителей и специалистов инженерно-технических служб водоканалов, центров экологического контроля и контроля качества воды, преподавателей и студентов профильных специальностей и смежных дисциплин. Комплект из двух книг: Кн. 1. Справочник Кн. 2. Приложения
Lenguaje:ruso
Publicado: Санкт-Петербург, Профессия, 2014
Materias:
Formato: MixedMaterials Libro
KOHA link:https://koha.lib.tpu.ru/cgi-bin/koha/opac-detail.pl?biblionumber=248816

MARC

LEADER 00000nam0a2200000 4500
001 248816
005 20231101232425.0
010 |a 9785918840535 
035 |a (RuTPU)RU\TPU\book\270706 
090 |a 248816 
100 |a 20140127d2014 km y0rusy50 ca 
101 1 |a rus  |c eng 
102 |a RU 
105 |a a g 001zy 
200 1 |a Справочник по очистке природных и сточных вод. Водоснабжение и канализация  |e пер. с англ.  |f Ф. Р. Спеллман 
210 |a Санкт-Петербург  |c Профессия  |d 2014 
215 |a 283 с.  |c ил. 
320 |a Библиография в конце приложений. 
330 |a Рассмотрены основные операции и технологии водоподготовки, водоочистки и очистки сточных вод. Приведены рекомендации по управлению, техническому обеспечению, контролю работы и мерам безопасности станций водоподготовки и водоочистки, защите и охране водных объектов. Описаны системы транспортировки воды, конструкции и устройство гидравлического оборудования, насосов, датчиков контроля и приборов учета. Контроль качества воды, биомониторинг, микробиология и экология воды изложены в отдельной части. Специальная часть посвящена комплексному рассмотрению сточных вод и операций по их очистке. Издание содержит многочисленный практический материал — стандартные процедуры и алгоритмы, примеры расчетов, ссылки на нормативы, контрольные вопросы и задачи. Справочник предназначен для операторов станций водоочистки, очистных сооружений, руководителей и специалистов инженерно-технических служб водоканалов, центров экологического контроля и контроля качества воды, преподавателей и студентов профильных специальностей и смежных дисциплин. Комплект из двух книг: Кн. 1. Справочник Кн. 2. Приложения 
422 1 |0 (RuTPU)RU\TPU\book\278389  |y 978-5-91884-053-5  |t Справочник по очистке природных и сточных вод. Водоснабжение и канализация  |o пер. с англ.  |f Ф. Р. Спеллман  |c Санкт-Петербург  |n Профессия  |d 2014  |p 1022 с.  |a Спеллман, Ф. Р. 
606 1 |a Природные воды  |x Очистка  |2 stltpush  |3 (RuTPU)RU\TPU\subj\51700  |9 70270 
606 1 |a Сточные воды  |x Очистка в целом  |2 stltpush  |3 (RuTPU)RU\TPU\subj\57136  |9 75000 
610 1 |a водоочистка 
610 1 |a водоподготовка 
610 1 |a математические расчеты 
610 1 |a технические аспекты 
610 1 |a чертежи 
610 1 |a чтение 
610 1 |a схемы 
610 1 |a справочники 
610 1 |a вода 
675 |a 628.16(035)  |v 3 
675 |a 628.31(035)  |v 3 
700 1 |a Спеллман  |b Ф. Р. 
801 1 |a RU  |b 63413507  |c 20140127 
801 2 |a RU  |b 63413507  |c 20191226  |g RCR 
942 |c BK 
959 |a 12/20140127  |d 5  |e 3600,00  |f ЧЗТЛ:1  |f АНЛ:1  |f УФ:3